[Event "83rd ESP-ch Women-ch 2018"]
[Site "Linares"]
[Date "2018.08.25"]
[Round "6"]
[White "Merario Alarcon, Andres"]
[Black "Salgado Lopez, Ivan"]
[Result "1/2-1/2"]
[WhiteElo "2406"]
[BlackElo "2643"]
[Annotator "TA"]
[PlyCount "92"]
[EventDate "2018.08.20"]
[EventType "swiss"]
[EventCountry "ESP"]
[SourceTitle "playchess.com"]
[Source "ChessBase"]
[SourceQuality "1"]

{[%evp 9,92,52,64,62,75,41,53,47,59,60,67,65,65,65,77,74,76,66,77,44,58,60,53,53,61,52,52,59,50,34,57,59,52,56,78,50,90,0,40,0,0,-4,8,0,0,0,0,-29,0,2,31,-6,10,5,6,0,0,0,19,4,7,-8,-8,-8,-8,-8,-8,-22,-24,-23,-12,-25,-12,-12,0,0,0,0,0,0,0,-13,0,-5,-6]} 1. d4 d6 2. e4 g6 3. c4 Bg7 4. Nc3 Nc6 5. d5 Nb8 {LiveBook: 20 Games} 6. Nge2 {A42: Modern Defence: Averbakh Variation} (6. Be3 Nf6 7. f3 O-O 8. Qd2 e6 9. Nge2 Nbd7 10. Nd4 exd5 11. cxd5 Ne5 12. Be2 c5 13. dxc6 bxc6 {½-½ (49) Firat,B (2453)-Bernadskiy,V (2588) Karlsruhe 2018}) 6... Nf6 7. Ng3 Nbd7 8. Be2 {White is slightly better.} O-O 9. O-O Re8 $146 ({Predecessor:} 9... e5 10. h4 h6 11. h5 g5 12. Nf5 Nc5 13. Nxg7 Kxg7 14. f3 Nxh5 15. b4 Nd7 16. Be3 {½-½ (46) Williams,R (1734)-McLaren,T (1521) Cardiff 2015}) 10. Be3 e6 11. Qd2 b6 12. Rad1 Bb7 13. f3 a6 14. dxe6 fxe6 15. f4 Qe7 16. Bf3 {Black must now prevent e5.} Rab8 17. Qc2 Rf8 18. b3 Bh6 19. Bc1 e5 20. f5 Bxc1 21. Qxc1 Qg7 22. Qe3 Rbd8 23. Nh1 ({White should play} 23. Nd5 $16) 23... Nb8 24. Nf2 Nc6 25. Ne2 Ne7 26. Ng3 Bc8 {[%cal Rg6f5]} 27. Ng4 Kh8 28. Nh6 Neg8 29. Nxg8 Nxg8 30. Be2 Ne7 {[%cal Rg6f5]} 31. Bd3 Ng8 32. Rf2 Qh6 33. Qe2 Ne7 {[%cal Bg8e7,Be7c6,Bc6d4][%mdl 32]} 34. Rdf1 Nc6 35. fxg6 hxg6 36. Rxf8+ Rxf8 37. Rxf8+ Qxf8 38. Qe3 Qf4 39. Nf1 Nd4 40. g3 Qf8 41. Qf2 {The position is equal.} Kg7 (41... Qe7 {looks sharper.} 42. Ne3 Kg7 43. h4 b5 44. cxb5 axb5 45. a4 Bd7) 42. Qxf8+ Kxf8 43. Kf2 c6 44. Ne3 Ke7 45. Nc2 Ne6 46. Ke3 a5 {Precision: White = 47%, Black = 43%.} 1/2-1/2

[Event "83rd ESP-ch Women-ch 2018"]
[Site "Linares"]
[Date "2018.08.25"]
[Round "6"]
[White "Vega Gutierrez, Sabrina"]
[Black "Santos Latasa, Jaime"]
[Result "0-1"]
[WhiteElo "2390"]
[BlackElo "2582"]
[Annotator "TA"]
[PlyCount "82"]
[EventDate "2018.08.20"]
[EventType "swiss"]
[EventCountry "ESP"]
[SourceTitle "playchess.com"]
[Source "ChessBase"]
[SourceQuality "1"]

{[%evp 16,82,9,23,31,-45,-46,-66,-52,-71,-13,-73,-84,-93,-89,-99,-93,-97,-88,-99,-111,-104,-56,-86,-106,-119,-139,-141,-106,-113,-100,-177,-205,-216,-213,-295,-292,-298,-281,-274,-300,-347,-366,-452,-446,-439,-442,-406,-445,-416,-376,-377,-300,-666,-675,-676,-676,-589,-624,-997,-927,-1339,-1305,-2263,-2200,-2331,-2232,-2090,-2083]} 1. e4 c5 2. Nf3 d6 3. d4 cxd4 4. Nxd4 Nf6 5. Nc3 a6 6. Be3 e5 7. Nb3 Be6 8. h3 {B90: Sicilian Najdorf: Unusual White 6th moves, 6 Be3 Ng4 and 6 Be3 e5} (8. f3 Nbd7 9. g4 b5 10. g5 b4 11. Ne2 Ng8 12. f4 h6 13. f5 Bc4 14. g6 fxg6 15. Ng3 Bxf1 16. Rxf1 Ngf6 17. fxg6 Qc7 {1-0 (34) Aronian,L (2767)-So,W (2780) Saint Louis 2018}) 8... Be7 9. f4 {LiveBook: 123 Games} O-O 10. Qe2 $146 (10. f5 $14 Bxb3 11. axb3) ({Predecessor:} 10. Qf3 exf4 11. Bxf4 d5 12. O-O-O dxe4 13. Nxe4 Qc8 14. Bd3 Nc6 15. Kb1 Nd5 {½-½ (34) Fuller,W (2421)-Castro Salguero,R (2396) ICCF email 2016}) 10... b5 $15 {[%cal Bb7b5,Bb5b4][%mdl 32]} 11. O-O-O {Strongly threatening fxe5.} Nbd7 $1 12. g4 b4 13. Na4 (13. Nd5 $11) 13... Nxe4 $17 14. Qg2 exf4 $1 15. Bxf4 d5 $36 {[%mdl 2048] Black is on the roll.} 16. Bd3 Bg5 17. Bxg5 Qxg5+ 18. Kb1 a5 19. Rhe1 Ndf6 20. Nbc5 Rae8 21. Qg1 Bc8 {Threatens to win with ...Nd2+.} 22. Re2 h5 {[%cal Bh7h5,Bh5g4][%mdl 32]} 23. Nb6 (23. Rg2 $17 {was called for.}) 23... hxg4 $19 24. Bxe4 dxe4 ({Don't take} 24... Nxe4 25. Rxd5 Qf4 26. Nxe4 $17) 25. Nxc8 Rxc8 26. Nxe4 Nxe4 27. Rxe4 f5 $1 {[%cal Rf5e4]} 28. Red4 {[%cal Rh3g4]} g3 29. h4 Qg6 30. h5 Qg5 31. h6 gxh6 32. Rd6 {Hoping for Qb6.} Rce8 33. Qb6 Kg7 34. Rh1 $2 (34. a4 Re4 35. Rxh6 $1 {[%mdl 512]}) 34... g2 {Black is clearly winning.} 35. Rg1 f4 36. Qd4+ Kg8 {aiming for ...f3.} 37. Qb6 {[#] Rg6+ is the strong threat.} Kh7 $1 {White must now prevent ...f3.} 38. Rd7+ Re7 39. Qb7 Rff7 40. Rxe7 Rxe7 41. Qf3 Qg3 {Precision: White = 45%, Black = 87%.} 0-1

[Event "83rd ESP-ch Women-ch 2018"]
[Site "Linares"]
[Date "2018.08.25"]
[Round "6"]
[White "Matnadze, Ana"]
[Black "Huerga Leache, Mikel"]
[Result "1-0"]
[WhiteElo "2378"]
[BlackElo "2451"]
[Annotator "TA"]
[PlyCount "81"]
[EventDate "2018.08.20"]
[EventType "swiss"]
[EventCountry "ESP"]
[SourceTitle "playchess.com"]
[Source "ChessBase"]
[SourceQuality "1"]

{[%evp 9,81,13,25,-3,46,50,52,49,36,0,23,11,88,93,95,90,80,77,114,70,125,116,108,107,126,125,237,218,231,244,463,481,616,608,594,590,1071,1048,1116,1020,983,957,29993,914,5421,5421,5406,5406,5355,5348,5318,5318,5318,0,0,0,5306,5318,5318,5314,2486,2431,1768,1746,29996,29994,29997,29995,29995,29996,29996,29997,29997,0]} 1. Nf3 {[%cal Bg1f3,Bf3e5,Be5d3][%mdl 32]} Nf6 2. c4 e6 3. g3 a6 4. Bg2 b5 5. Ne5 c6 {LiveBook: 8 Games} (5... Ra7 6. d3 Bb7 7. Nf3 c5 8. O-O Be7 9. Na3 b4 10. Nc2 a5 11. a4 d6 12. b3 Nbd7 13. Bb2 {½-½ (54) Cordova,E (2620)-Berescu,A (2454) Benasque 2016}) 6. d4 {A13: English Opening: 1...e6} Bb7 $146 ({Predecessor:} 6... bxc4 7. Nxc4 d5 8. Ne5 Nbd7 9. Nxc6 Qc7 10. Ne5 Nxe5 11. dxe5 Qxe5 12. O-O Be7 13. Nc3 {½-½ (60) Stoeckert,M (2451)-Horvath,A (2492) ICCF email 2011}) 7. c5 d6 8. cxd6 {White is slightly better.} Bxd6 9. Nd3 Qb6 10. e4 {Black must now prevent e5.} Nfd7 ({Don't blunder} 10... Qxd4 $2 11. Be3 $18) (10... c5 $11 {keeps the balance.}) 11. Be3 $16 c5 12. dxc5 Nxc5 {[#]} 13. O-O $1 Qc6 14. Nc3 Nbd7 ({Black should try} 14... Nxd3 $14 15. Qxd3 Nd7) 15. Rc1 {Strongly threatening Nxc5.} Nxd3 16. Qxd3 {aiming for Na4!} Ne5 17. Qd4 Nc4 (17... O-O $16) 18. Qxg7 $18 Be5 19. Qg5 Qc7 $2 (19... h6 {is a better defense.} 20. Qh5 Bg7) 20. b3 h6 21. Qh5 Nxe3 22. Nd5 Qb8 23. fxe3 Rf8 {[#]} 24. Rxf7 $1 {[%mdl 512]} Rxf7 25. Rf1 exd5 26. Qxf7+ (26. Rxf7 $142 Qd6 27. Rxb7+ Kd8 28. Qf7 Bg7 29. Qxg7 Qe6 30. Qf8+ Qe8 31. Qd6+ Kc8 32. Qc7#) 26... Kd8 27. Qf8+ Kd7 28. Bh3+ Kc6 29. Rc1+ Kb6 30. Qc5+ Ka5 31. Qa3+ $40 {[%mdl 128] White mounts an attack.} Kb6 {Threatens to win with ...Bd6.} 32. Qc5+ Ka5 {White should prevent ...Qd6.} 33. b4+ Ka4 34. Qc2+ Kxb4 35. Qd2+ Ka4 {[#]} 36. Bg4 $1 {Intending Rb1 and mate.} Qd6 37. Bd1+ {White mates.} Ka3 {[#]} 38. Rc3+ $1 {[%mdl 512]} Bxc3 39. Qxc3+ Kxa2 40. Bb3+ Ka3 41. Bc2+ {[%mdl 32768] Precision: White = 85%, Black = 40%. . Loss on Time!?} 1-0

[Event "83rd ESP-ch Women-ch 2018"]
[Site "Linares"]
[Date "2018.08.25"]
[Round "6"]
[White "Teran Alvarez, Ismael"]
[Black "Santos Ruiz, Miguel"]
[Result "0-1"]
[WhiteElo "2377"]
[BlackElo "2517"]
[Annotator "TA"]
[PlyCount "97"]
[EventDate "2018.08.20"]
[EventType "swiss"]
[EventCountry "ESP"]
[SourceTitle "playchess.com"]
[Source "ChessBase"]
[SourceQuality "1"]

{[%evp 21,97,-35,0,0,0,0,0,0,-8,-13,0,-7,-3,-37,-36,-29,-3,-31,-22,-38,-34,-54,-54,-50,-56,-55,-55,-55,-51,-77,-77,-103,-89,-88,-95,-109,-90,-182,-135,-170,-105,-143,-132,-123,-108,-140,-139,-140,-153,-140,-143,-150,-157,-174,-182,-186,-50,-54,-54,-102,-107,-124,-126,-586,-109,-586,-586,-586,-579,-575,-349,-341,-298,-5539,-5435,-5539,-5535,-4586]} 1. d4 Nf6 2. c4 e6 3. Nc3 Bb4 4. g3 O-O 5. Bg2 d5 6. Nf3 dxc4 7. O-O Nc6 8. Qa4 {E20: Nimzo-Indian: 4 g3 and 4 f3} Nd5 (8... Bd7 9. Qc2 Be7 10. e4 Nb4 11. Qe2 Nd3 12. Be3 b5 13. Ne1 Nxe1 14. Rfxe1 c6 15. Rad1 Rc8 {0-1 (41) So,W (2780)-Anand,V (2768) Saint Louis 2018}) 9. Qc2 Be7 10. Rd1 Rb8 11. e4 Ncb4 {LiveBook: 4 Games} (11... Ndb4 $5 {[%cal Rb4c2]} 12. Qe2 Nd3 $15) 12. Qb1 Nxc3 13. bxc3 Nd3 14. Qb5 {[#]} Nxc1 $146 ({Predecessor:} 14... c5 15. Qxc4 Nxc1 16. Raxc1 {½-½ (34) Onischuk,A (2667)-Naroditsky,D (2646) Saint Louis 2017}) 15. Raxc1 c5 16. Ne5 Qc7 17. f4 Rd8 18. Kh1 f6 19. Nf3 cxd4 20. cxd4 Bd7 21. Qxc4 Qxc4 22. Rxc4 Rbc8 23. Rdc1 Rxc4 24. Rxc4 Bc6 $36 {[%mdl 2048] Black fights for an advantage.} 25. Ng1 Kf7 26. a4 Be8 27. d5 exd5 28. exd5 a5 29. Rc7 (29. d6 $17 Bxd6 30. Bxb7) 29... Rd7 30. Rc4 Bb4 (30... Bd6 $19 31. Ne2 b5 $1 {[%mdl 512]} 32. axb5 Re7) 31. Nf3 $17 Re7 ({Much worse is} 31... Rxd5 $6 32. Ng5+ $1 {[%mdl 512]} Rxg5 33. Rc7+ Kg6 34. fxg5 $11) 32. Bh3 Bxa4 33. d6 {[#]} Rd7 $1 {[%cal Rd7d6][%mdl 512]} 34. Rc7 (34. Bxd7 Bxd7) 34... Ke8 35. Bxd7+ Bxd7 36. Rxb7 {[%mdl 4096] Endgame KRN-KB} Bc6 ({Don't do} 36... Bxd6 37. Kg2 $15) 37. Rb8+ Kd7 38. Kg2 {[#]} Bxd6 (38... Bc5 $1 $19 {Threatens to win with ...a4.} 39. Rb1 a4) 39. Rb1 $1 $15 Bc5 {[%mdl 1024] Black has compensation.} 40. g4 a4 {...a3 is the strong threat.} 41. Kg3 a3 {Strongly threatening ...a2.} 42. Nd4 $2 {[%mdl 8192]} (42. Rd1+ $17 {is a better chance.} Ke7 43. Nd4) 42... a2 $2 (42... Bxd4 $19 {and Black stays clearly on top.} 43. Rd1 Kd6 44. Rxd4+ Kc5) 43. Rd1 $2 {[%mdl 8192]} (43. Ra1 $17 Bxd4 44. Rxa2) 43... Bxd4 $1 $19 44. Rxd4+ {KR-KB} Ke6 45. Rd1 Be4 {aiming for ...Bb1.} 46. f5+ Ke5 {And now ...Bb1 would win.} 47. Re1 $2 (47. Ra1 Bb1 48. Kf3) 47... Kd4 48. Ra1 Bb1 49. Kf4 {Precision: White = 29%, Black = 67%.} 0-1

[Event "83rd ESP-ch Women-ch 2018"]
[Site "Linares"]
[Date "2018.08.25"]
[Round "6"]
[White "Montero Melendez, Rafael"]
[Black "Domingo Nunez, Ruben"]
[Result "1/2-1/2"]
[WhiteElo "2367"]
[BlackElo "2318"]
[Annotator "TA"]
[PlyCount "69"]
[EventDate "2018.08.20"]
[EventType "swiss"]
[EventCountry "ESP"]
[SourceTitle "playchess.com"]
[Source "ChessBase"]
[SourceQuality "1"]

{[%evp 21,69,-14,-9,-18,-8,-8,0,-2,0,-35,-20,-32,0,-31,-33,-33,-24,-27,-39,-88,-95,-139,-33,-131,-15,-112,-15,-15,-16,-16,-16,-18,-15,-8,-8,-11,-3,-26,-18,-25,-27,-14,-8,-10,0,-17,0,0,0,0]} 1. Nf3 c5 2. c4 Nc6 3. g3 g6 4. Bg2 Bg7 5. Nc3 d6 6. O-O e6 7. a3 Nge7 {A37: Englische Eröffnung (Symmetrische Variante)} 8. d3 (8. Rb1 O-O 9. b4 b6 10. Qb3 Bb7 11. Bb2 Rb8 12. Nb5 e5 13. e3 Ba8 14. Rfd1 Qd7 15. d4 a6 16. dxe5 axb5 17. cxb5 {0-1 (65) Agdestein,S (2606)-Grischuk,A (2774) Berlin 2015}) 8... b6 9. Bg5 h6 10. Bd2 Bb7 11. Rb1 Qd7 {LiveBook: 20 Partien} 12. e3 O-O 13. b4 Rad8 14. Qe2 g5 15. Nb5 f5 16. Ne1 $146 ({Vorgänger:} 16. Rfd1 Ng6 17. d4 g4 {½-½ (41) Voiska,M (2313)-Videnova,I (2304) Bankia 2011}) 16... e5 17. f4 exf4 18. gxf4 gxf4 19. Rxf4 Ne5 20. Nc3 Bxg2 21. Qxg2 d5 (21... Rf6 $1 $17 {[%cal Rf6g6]} 22. Qh1 Rg6+ 23. Kf1 Kh7) 22. cxd5 (22. Nxd5 $1 $15 Nxd5 23. Qxd5+ Qxd5 24. cxd5) 22... Nxd5 (22... Rf6 $17 {Droht stark ...Tg6.} 23. Ne4 Rg6) 23. Rh4 {[#]} (23. Qxd5+ $11 {bleibt in der Remisbreite.} Qxd5 24. Nxd5 Rxd5 25. bxc5) 23... Rf6 ({Lieber} 23... Nxd3 $1 $17 {[%mdl 512] Weiss muss nun ...Kh7 beachten.} 24. bxc5 (24. Nxd3 Nf6 $17) 24... Nxe1 25. Rxe1 Kh7 26. Nxd5 Qxd5 27. Qxd5 Rxd5) 24. Qxd5+ $1 $11 Qxd5 25. Nxd5 Rxd5 26. bxc5 Nxd3 27. cxb6 axb6 28. Kf1 Rg6 29. a4 Nc5 30. Nf3 Ne4 31. Be1 Rd3 {Die Stellung ist ausgeglichen.} 32. Rf4 Rxe3 {Und ...Tg4 würde nun gewinnen.} 33. Rxf5 Nd6 34. Rf4 Re4 35. Rxe4 {Precision: Weiß = 36%, Schwarz = 44%.} 1/2-1/2

[Event "83rd ESP-ch Women-ch 2018"]
[Site "Linares"]
[Date "2018.08.25"]
[Round "6"]
[White "Ayats Llobera, Gerard"]
[Black "Cruz Lledo, Pablo"]
[Result "1/2-1/2"]
[WhiteElo "2345"]
[BlackElo "2432"]
[Annotator "TA"]
[PlyCount "97"]
[EventDate "2018.08.20"]
[EventType "swiss"]
[EventCountry "ESP"]
[SourceTitle "playchess.com"]
[Source "ChessBase"]
[SourceQuality "1"]

{[%evp 13,97,28,38,-12,5,5,13,11,0,0,19,0,22,-26,5,-16,14,8,24,-5,-13,-25,1,0,0,0,0,0,27,22,82,76,83,79,71,79,93,63,71,52,57,58,66,76,68,55,96,89,110,100,116,111,149,127,123,93,96,35,59,46,169,181,158,92,144,0,0,0,0,-79,-69,-208,-21,-162,-10,-12,-2,-2,-5,-8,0,-10,0,-9,0,-9]} 1. e4 c6 2. Nc3 d5 3. Nf3 dxe4 4. Nxe4 Nf6 5. Qe2 Bg4 (5... Na6 6. d4 Qd5 7. Nc3 Qa5 8. Qe5 Qxe5+ 9. dxe5 Nb4 10. Bd3 Nxd3+ 11. cxd3 Nd7 12. Be3 Nb6 13. Ke2 {½-½ (30) Vachier Lagrave,M (2793)-Rapport,R (2700) Caleta 2018}) 6. h3 {B11: Caro-Kann (Zweispringer-Variante)} Bh5 7. Nxf6+ gxf6 {LiveBook: 9 Partien} 8. b3 {Weiß steht etwas besser.} Qd5 9. Bb2 $146 ({Vorgänger:} 9. g4 Bg6 10. c4 Qd6 11. Bb2 Na6 12. Nh4 O-O-O 13. Nxg6 hxg6 {½-½ (29) Stukopin,A (2580)-Rozman,L (2389) Chicago 2018}) 9... Bxf3 10. gxf3 Nd7 11. O-O-O e6 12. Rg1 O-O-O 13. Rg4 Bc5 14. Rg7 Rdf8 15. f4 Qf5 16. Qf3 Bd6 $1 17. Qe3 Qxf4 18. Qxa7 Bc5 19. Qa8+ Kc7 20. Qa5+ Bb6 21. Qh5 $1 {[%csl LRf7,LRh7]} Qxf2 (21... Ne5 $11 {bleibt in der Remisbreite.}) 22. Rxf7 $16 Qc5 23. Qxc5 Bxc5 24. Rg7 Kd8 25. Bc4 Re8 $1 26. Re1 e5 27. Rf1 Re7 28. Rg4 Rf8 29. Bd3 Nb6 {[#]} 30. c4 $1 Nc8 31. a3 Bd6 32. Rh4 Rff7 33. Rh6 e4 34. Bc2 ({Nicht} 34. Bxf6 Bxa3+ 35. Kc2 exd3+ $15) 34... f5 35. Bf6 (35. a4 $16) 35... Bxa3+ $14 36. Kd1 Ke8 (36... Rxf6 $14 37. Rxf6 Nd6) 37. Bxe7 $18 Nxe7 38. Ke2 (38. d3 $142) 38... Rg7 {[#]} (38... Kf8 $142) 39. Ra1 (39. d3 $1 $16) 39... Bc5 40. Rf1 Rg2+ 41. Kd1 (41. Ke1 $1 $11 {war der einzige Weg, das Gleichgewicht zu behalten.}) 41... Bb4 $17 42. Rxh7 (42. Re6 $1 $15) 42... Bxd2 $2 ({Lieber} 42... Rxd2+ $19 43. Kc1 e3 44. Rh8+ Kf7) 43. h4 (43. Rxe7+ $11 Kxe7 44. Rxf5) 43... Be3 $2 (43... Bc3 $19 {Und ...e3 würde nun gewinnen.} 44. Rh6 Kd7) 44. Re1 $11 {Die Stellung ist ausgeglichen.} Bf4 45. Re2 Rg1+ 46. Re1 $132 {[%mdl 2048] Weiss is not keeping still} Rg2 47. Re2 Rg1+ 48. Re1 Rg2 49. Re2 {Precision: Weiß = 50%, Schwarz = 30%.} 1/2-1/2

[Event "83rd ESP-ch Women-ch 2018"]
[Site "Linares"]
[Date "2018.08.25"]
[Round "6"]
[White "Alvarez Fernandez, Enrique"]
[Black "Diaz Castro, Ismael"]
[Result "1-0"]
[WhiteElo "2324"]
[BlackElo "2212"]
[Annotator "TA"]
[PlyCount "87"]
[EventDate "2018.08.20"]
[EventType "swiss"]
[EventCountry "ESP"]
[SourceTitle "playchess.com"]
[Source "ChessBase"]
[SourceQuality "1"]

{[%evp 17,87,20,10,2,0,0,8,-35,-33,-89,-62,-89,-47,-50,-55,-80,-79,-87,-81,-88,-86,-116,-113,-115,-112,-115,-116,-118,-104,-122,12,0,0,0,0,0,0,0,233,255,237,241,313,313,314,306,360,355,395,305,305,305,681,305,305,300,299,284,284,289,373,349,463,444,716,637,826,718,875,830,824,764]} 1. d4 Nf6 2. Bg5 Ne4 3. Bf4 c5 4. f3 Qa5+ 5. c3 Nf6 6. Nd2 cxd4 7. Nb3 Qb6 8. Qxd4 d5 {A45: Trompowsky Attack} (8... Nc6 9. Qxb6 axb6 10. Nd4 Ra5 11. b4 Ra4 12. e4 Nxd4 13. cxd4 e6 14. Bb5 Rxb4 15. a4 Rxd4 16. Ne2 Rb4 17. Kd2 Bc5 18. Kc2 {½-½ (40) Romanov,E (2619)-Svidler,P (2760) Sochi 2018}) 9. Qxb6 axb6 {LiveBook: 3 Games} 10. Nd4 Bd7 {The position is equal.} 11. e3 e6 $146 ({Predecessor:} 11... Na6 12. Nb5 Bc6 13. c4 Bxb5 14. cxb5 Nc5 15. a3 g6 16. O-O-O {½-½ (44) Schiffer,K (2340)-Stets,D (2426) Germany 2008}) 12. b4 Be7 13. g4 (13. Bb5 $15) 13... O-O 14. Bd3 Rc8 15. Nge2 Nc6 16. Kf2 Nxd4 17. exd4 Ra3 18. Bc1 Ra7 19. Rd1 Ne8 20. Bf4 Nd6 21. Bxd6 Bxd6 22. Rd2 Ra3 23. h3 e5 ({Better is} 23... Be7 $17 24. Rb2 Rca8) 24. Bf5 Be6 25. dxe5 Bxe5 {[#]} 26. Rxd5 $1 {[%mdl 512]} Bxd5 27. Bxc8 {Hoping for Rd1.} Bxc3 $2 (27... g6 $11 {and Black is okay.}) 28. Rd1 $18 Bxb4 29. Rxd5 Rxa2 30. Rd8+ Bf8 31. Bxb7 b5 32. Bd5 Ra7 33. Rb8 b4 34. Nd4 Rd7 $2 {[#]} (34... g6 35. Nc6 Rd7) 35. Nc6 (35. Ne6 $142 $1 {[%csl Ge6][%cal Rb8f8][%mdl 512]} h5 (35... fxe6 36. Bxe6+) 36. Rxf8+ Kh7 37. Be4+ g6 38. Nf4 hxg4 39. hxg4) 35... g6 36. Nxb4 Kg7 37. Be4 Rd2+ 38. Ke3 Rh2 39. Nd3 Rxh3 40. Rb7 {White is clearly winning.} Kf6 (40... Bd6 $142 41. Bd5 Kf8 42. Rxf7+ Ke8) 41. Bd5 Bh6+ 42. Ke4 Bd2 43. Rxf7+ Kg5 44. f4+ {Precision: White = 38%, Black = 48%.} 1-0

[Event "83rd ESP-ch Women-ch 2018"]
[Site "Linares"]
[Date "2018.08.25"]
[Round "6"]
[White "Castellanos Gomez, Alejandro"]
[Black "Cuevas Fernandez, Jose Alberto"]
[Result "0-1"]
[WhiteElo "2320"]
[BlackElo "2147"]
[Annotator "TA"]
[PlyCount "86"]
[EventDate "2018.08.20"]
[EventType "swiss"]
[EventCountry "ESP"]
[SourceTitle "playchess.com"]
[Source "ChessBase"]
[SourceQuality "1"]

{[%evp 15,86,9,8,11,15,14,9,12,15,12,35,-51,-48,-39,-50,-49,-48,-51,-59,-122,-81,-129,-122,-138,-113,-118,-109,-133,-116,-172,-114,-144,-119,-204,-108,-118,29,5,10,5,103,97,25,31,241,216,218,85,83,126,120,68,50,-1064,-1039,-1757,-1762,-1755,-1376,-1605,0,0,0,-1487,-1617,-1419,-1375,-29990,-29991,-29992,-29993,-29993,-29994]} 1. d4 Nf6 2. Nf3 d5 3. Bf4 c5 4. e3 Nc6 5. c3 e6 6. Nbd2 Nh5 7. Bg5 {D02: 1 d4 d5 2 Nf3 sidelines, including 2...Nf6 3 g3 and 2...Nf6 3 Bf4} f6 8. Bh4 cxd4 {LiveBook: 3 Games} 9. cxd4 {The position is equal.} g6 10. Bd3 Bd6 $146 ({Predecessor:} 10... Be7 11. O-O Bd7 12. a3 O-O 13. Rc1 Rc8 14. Nb1 Qb6 {1-0 (54) Giri,A (2785)-So,W (2815) chess.com INT 2017}) 11. O-O O-O 12. a3 Qe8 13. Re1 (13. g4 $14 g5 14. gxh5 gxh4 15. Nxh4) 13... g5 $15 14. Bg3 Nxg3 15. hxg3 g4 16. Nh2 f5 17. Ndf1 (17. Nhf1 $15) 17... Qg6 18. b4 a5 19. b5 Nd8 20. Nd2 h5 21. Ra2 Kg7 22. Rc2 (22. f4 $17) 22... Rh8 (22... Bxa3 $19 23. Nb3 Bb4) 23. Nhf1 Nf7 24. f4 (24. a4 $17) 24... gxf3 (24... Bxa3 $19 25. b6 Bd6) 25. Nxf3 Bxg3 (25... a4 $17 26. Qa1 Qf6) 26. Nxg3 $11 Qxg3 27. b6 h4 {[#]} (27... Rg8 $11) 28. Rc7 $1 $16 Kf6 29. Re2 Bd7 $2 ({Better is} 29... Rd8 $14) 30. Rxd7 $18 {Qe1 is the strong threat.} Rag8 31. Ne5 (31. Qc1 $18) 31... Nxe5 $16 32. dxe5+ Qxe5 {With the idea ...h3.} 33. Bb5 ({Don't play} 33. Rxb7 $6 h3 $11) ({White should play} 33. Bc2 $16) 33... Rg4 $14 34. Qc1 $2 {[%mdl 8192]} ({Avoid the trap} 34. Rxb7 $2 h3 $19) (34. Rf2 $14 Rhg8 35. Be2 (35. Rxb7 $2 Qxe3 36. Bf1 h3 $19)) 34... h3 $19 {( -> ...hxg2)} 35. Qb2 {[#]} d4 $1 {[%mdl 512]} 36. Rxd4 {[#]} Qh2+ $1 {[%mdl 512]} 37. Kf2 (37. Kxh2 hxg2+) 37... Qg3+ 38. Kg1 {[#]} Qh2+ $1 $40 {[%mdl 640] Black has some attack.} 39. Kf2 {And now Rxg4+ would win.} (39. Kxh2 $2 {leads to mate.} hxg2+ 40. Kg1 Rh1+ 41. Kf2 Rf1#) 39... Rxg2+ 40. Ke1 Qe5 41. Kf1 {[#]} h2 $1 {[%cal Rh2h1][%mdl 512] Black mates.} 42. Rxg2 h1=Q+ 43. Kf2 {[#]} Qxg2+ $1 {[%mdl 512] Precision: White = 31%, Black = 52%.} 0-1